Tilastot visalle Suomen kielessä käytettyjä tehostesanoja

Klikkaa tästä pelataksesi tätä visaa!

Yleistilastot

  • Tätä visaa on pelattu 532 kertaa
  • Keskiarvotulos 13 / 20

Vastaustilastot

Vihjetehostesana% Oikein
____köyhäruti
93%
____valkoinenviti
88%
___omaiki
86%
___hiljaahipi
85%
___yksinypö
85%
_____riemukasratki
84%
_____suomalainensupi
82%
_____väsynyträtti
78%
____tyhjätypö
77%
_____tavallinentuiki
75%
____märkäliti
75%
____täysitäpö
70%
____rikasuppo
68%
________ ammollaanapposen
59%
________ selälläänsepposen
54%
_____raitisraivo
48%
____mustasysi
38%
____ hiljaahiiren
37%
___kintturipa
32%
___rikasöky
20%

Tulosjakauma

Persentiili vastausten määrän mukaan

Jokaisen tuloksen saaneiden osuus

Tuloshistoriasi

Et ole pelannut tätä visaa